01534nam a2200385 i 450000100060000000300090000600500170001500800390003201500170007103500210008804000480010904100290015704600090018608000130019508000100020824501830021824600570040124600540045824600580051224600660057024600370063626000600067330000310073338000170076438800140078165800240079565800210081965000170084065000360085765500290089365500290092271000450095170000400099685601120103611399KOSZ 00520200124094058.0081125s1960 pl f d |000 0 pol aPB 1960/6148 a(OCoLC)749591967 aWA NcKOSZ 005/EGdKOSZ 005/EGdKOSZ 005/HR0 apolaengagerafrearus  k1960 a539.3/.6 a(038)10aSłownik terminologii mechaniki klasycznej w 5 językach :b polski, niemiecki, angielski, francuski, rosyjski.nDział 10,pWytrzymałość materiałów /c[red. J. Leyko]. 30aVocabularium der klassischen Mechanik in 5 Sprachen.30aVocabulary of classical mechanics in 5 languages 30aVocabulaire de la mécanique classique en 5 langues 30aSbornik terminov po klassičeskoj mehanike na 5-ti âzykah 30aWytrzymałość materiałów. aWarszawa :bPaństwowe Wydawnictwa Techniczne,c1960.  aVIII, 59, [1] s. ;c30 cm. aKsiążki. a1901-2000 aFizyka i astronomia aJęzykoznawstwo 4aTerminologia 4aWytrzymałość materiałów 4aSłownik terminologiczny 4aSłownik wielojęzyczny2 aPaństwowe Wydawnictwa Techniczne4pbl.1 aLeyko, Jerzyd(1918-1995)eRedakcja uhttps://kohabib.tu.koszalin.pl/cgi-bin/koha/cataloguing/addbiblio.pl?biblionumber=11399yKatalog online BPK